000 00426nam a2200157 i 4500
001 73198
003 ES-MaACL
005 20230906171712.0
007 t|
008 040907s1969 sp ||||1| spa d
100 1 _aGómez Espinosa, Margarita.
_957947
245 1 0 _aEncuentro en Ibiza /
_cMargarita Gómez Espinosa.
260 _aMadrid :
_bIsla,
_c1969.
300 _a62 p. ;
_c21 cm.
852 _aES-MaACL
_jC-49893
_bR.71846
999 _c73198
_d73198